| 000 | 00000nam##2200000za#4500 |
| 001 | 9.639916 |
| 003 | CaOODSP |
| 005 | 20210624222418 |
| 007 | cr ||||||||||| |
| 008 | 150407|2000||||xxc|||||o f|0| 0 fre|d |
| 040 | |aCaOODSP|bfre |
| 043 | |an-cn--- |
| 086 | 1 |aEn105-59/2000F-PDF |
| 110 | 1 |aCanada. |bAgence canadienne d'évaluation environnementale. |
| 245 | 10|aGuide de référence sur le recouvrement des coûts applicables aux comissions d'examen d'évaluation environnementale à l'intention des promoteurs de projets |h[ressource électronique] |
| 260 | |bAgence canadienne d'évaluation environnementale |cMars 2000. |
| 300 | |a22p.|bfigure, tableaux |
| 500 | |aLe n° de catalogue (En21-200/2000) et l'ISBN (0-662-64847-1) de l'édition imprimée bilingue ont été incorrectement copiés dans l'édition électronique. |
| 590 | |a12-16-Supp|b2012-04-17 |
| 691 | 07|aCoût|2gcpds |
| 691 | 07|aÉvaluation environnementale|2gcpds |
| 691 | 07|aFinancement|2gcpds |
| 691 | 07|aPolitique environnementale|2gcpds |
| 775 | 08|tReference guide for project proponents on the cost recovery of environmental assessment review panels |w(CaOODSP)9.695828 |
| 776 | 0#|tReference Guide for Project Proponents on the Cost Recovery of Environmental Assessment Review Panels |w(CaOODSP)9.661725 |
| 776 | 0#|tGuide de référence sur le recouvrement des coûts applicables aux commissions d'examen d'évaluation environnementale à l'intention des promoteurs de projets |w(CaOODSP)9.661726 |
| 856 | 40|ahttp://publications.gc.ca|qPDF|s253 Ko|uhttps://publications.gc.ca/collections/Collection/En105-59-2000F.pdf |